00537nam a2200193Ia 450000500170000000800410001702000150005808200130007310000060008624500220009226000460011430000170016065000100017765000140018770000260020194200060022795200950023399900150032820240802043538.0240331s9999 xx 000 0 und d a1856499817 bWOMa376 a\ 0aWomen and litracy aLondon & New JerseybZed Books Ltdc1992 axii, 83 p ., aWomen aEducation aBallara, Marcelaeedt cL 001040708LaWERCLbWERCLcSSCd2024-03-31l0o 376 WOMp1129r2024-03-31w2024-03-31yL c2975d2975